000 00276nam a2200109 a 4500
005 20140414132058.0
008 110725s19uu xx 00 eng d
050 _aREF 400
_bN42 1992
245 _aNew webster dictionary.
260 _aU.S.A :
_bGrolier,
_c1992.
999 _c114353
_d114353